000 00399cam a2200157ua 4500
041 _amal
_h
082 _a894.812 301
_bROB/PA
100 _aRobert , A S .
245 _aPathinettu Patinjaran Kathakal /
_cA S Robert.
_hTextual Documents
260 _aKottayam :
_bNational Book Stall ,
_c1956.
300 _a349 ; .
504 _a
942 _cBK
999 _c3818
_d3818